Catalog

Record Details

Catalog Search



Available copies

  • 2 of 3 copies available at LARL/NWRL Consortium. (Show)
  • 2 of 2 copies available at Northwest Regional Library.

Current holds

0 current holds with 3 total copies.

Show All Copies
Location Call Number / Copy Notes Barcode Shelving Location Status Due Date
Greenbush Public Library j APP (Text) 35500006783946 Main Available -
Warroad Public Library j APP (Text) 35500006942369 New Available -

Record details

  • ISBN: 9780063221123
  • ISBN: 0063221128
  • Physical Description: 272 pages ; 21 cm.
  • Publisher: New York, NY : Harper, an imprint of HarperCollins Publishers, [2024]

Content descriptions

Summary, etc.:
Ivan has been happily living in a wildlife ... Read More
Subject: Gorilla > Juvenile fiction.
Wildlife refuges > Juvenile fiction.
Families > Juvenile fiction.
Africa > Juvenile fiction.
Gorilla > Fiction.
Wildlife refuges > Fiction.
Families > Fiction.
Africa > Fiction.
Genre: Animal fiction.
LDR 01887cam a2200457Ii 4500
001434429
003LARL_NWRL_CONSORTIUM
00520240823155547.0
008230816s2024 nyu c 000 1 eng d
040 . ‡aYDX ‡beng ‡erda ‡cYDX ‡dBDX ‡dOCLCO ‡dIG$ ‡dOCLCO ‡dMDB
020 . ‡a9780063221123 ‡q(hardcover)
020 . ‡a0063221128 ‡q(hardcover)
035 . ‡a(OCoLC)1393522564
043 . ‡af------
08204. ‡a[Fic] ‡223
1001 . ‡aApplegate, Katherine, ‡eauthor. ‡0(LARL_NWRL_CONSORTIUM)107832
24514. ‡aThe one and only family / ‡cKatherine Applegate.
264 1. ‡aNew York, NY : ‡bHarper, an imprint of HarperCollins Publishers, ‡c[2024]
300 . ‡a272 pages ; ‡c21 cm.
336 . ‡atext ‡btxt ‡2rdacontent
337 . ‡aunmediated ‡bn ‡2rdamedia
338 . ‡avolume ‡bnc ‡2rdacarrier
4900 . ‡aOne and only Ivan ; ‡v4
520 . ‡aIvan has been happily living in a wildlife sanctuary, with his friend Ruby next door in the elephant enclosure, frequent visits from his canine friend Bob, and his mate Kinyani by his side. And in the happiest turn of all, Ivan and Kinyani have welcomed a set of twins to their family!
650 0. ‡aGorilla ‡vJuvenile fiction.
650 0. ‡aWildlife refuges ‡vJuvenile fiction.
650 0. ‡aFamilies ‡vJuvenile fiction. ‡0(LARL_NWRL_CONSORTIUM)164956
651 0. ‡aAfrica ‡vJuvenile fiction.
650 1. ‡aGorilla ‡vFiction.
650 1. ‡aWildlife refuges ‡vFiction.
650 1. ‡aFamilies ‡vFiction. ‡0(LARL_NWRL_CONSORTIUM)164942
651 1. ‡aAfrica ‡vFiction. ‡0(LARL_NWRL_CONSORTIUM)163491
655 7. ‡aAnimal fiction. ‡2lcgft
905 . ‡uvanderl
901 . ‡a434429 ‡bAUTOGEN ‡c434429 ‡tbiblio ‡soclc

Additional Resources